| 000 | 00469nam a2200181Ia 4500 | ||
|---|---|---|---|
| 005 | 20240530045650.0 | ||
| 008 | 240331s9999 xx 000 0 und d | ||
| 020 | _a9555920001 | ||
| 082 |
_bROL _a341.481 |
||
| 245 | 4 | _aThe role of thelaw enforcement officer in the protection of human rights | |
| 250 | _a1 st | ||
| 260 |
_aColombo _bSri Lanka Fountation _c1986 |
||
| 300 | _a223 p ., | ||
| 650 | _aHuman Rights | ||
| 650 | _aSociety | ||
| 650 | _aLaw | ||
| 942 | _cL | ||
| 999 |
_c2819 _d2819 |
||